Sistema de tratamiento de agua residual y protocolos evaluadores de manejo de desechos y seguridad ocupacional para el Laboratorio Clínico del Hospital San Francisco de Asís de Grecia

Salvato in:
Dettagli Bibliografici
Autore principale: Ruiz Fallas, Francisco
Natura: Libro
Lingua:Spanish
Pubblicazione: [San José ], Costa Rica 2007
Soggetti:
Tags: Aggiungi Tag
Nessun Tag, puoi essere il primo ad aggiungerne!!

MARC

LEADER 00000nam a22000007a 4500
003 012951
005 20221231144400.0
008 181029b2007 cr a|||| |m|| 00| ||spa d
040 |c cru CEDI 
090 |a TFG 8102 
100 |9 5794  |a Ruiz Fallas, Francisco 
245 |a Sistema de tratamiento de agua residual y protocolos evaluadores de manejo de desechos y seguridad ocupacional para el Laboratorio Clínico del Hospital San Francisco de Asís de Grecia  
260 |a [San José ], Costa Rica  |c 2007 
300 |a xvii, 123 hojas : ilustraciones  
500 |a  Tesis (magíster en ingeniería química con énfasis en ingeniería ambiental)--Universidad de Costa Rica. Sistema de Estudios de Posgrado 
650 |x HOSPITAL SAN FRANCISCO DE ASIS (COSTA RICA)   |x DISPOSICION DE AGUAS RESIDUALES   |x  NORMAS   |x RESIDUOS DE HOSPITALES   |x ASPECTOS AMBIENTALES   |x SEGURIDAD OCUPACIONAL  |9 14411 
942 |c TFG 
999 |c 21041  |d 21041